[Event "Teplice Open 2019"]
[Site "Teplice"]
[Date "2019.06.20"]
[Round "6.17"]
[White "Serrano, Salvador Eduardo"]
[Black "Blohberger, Felix"]
[Result "0-1"]
[WhiteElo "2334"]
[BlackElo "2475"]
[Annotator "ChessBase"]
[PlyCount "83"]
[EventDate "2019.06.15"]
[EventType "swiss"]
[EventCountry "CZE"]
[SourceTitle "playchess.com"]
[Source "ChessBase"]
[SourceQuality "1"]
[TimeControl "40/5400+30:1800+30"]

1. d4 {[%emt 0:00:00]} Nf6 {[%emt 0:00:00]} 2. Nf3 {[%emt 0:00:00]} d5 {[%emt 0:00:30]} 3. Bg5 {[%emt 0:00:42]} Ne4 {[%emt 0:01:24]} 4. Bh4 {[%emt 0:00:13]} h5 {[%emt 0:01:15]} 5. Nfd2 {[%emt 0:21:44]} g5 {[%emt 0:01:02]} 6. Nxe4 {[%emt 0:00:38]} gxh4 {[%emt 0:00:06]} 7. Ned2 {[%emt 0:04:36]} Nc6 {[%emt 0:01:29]} 8. Nf3 {[%emt 0:02:19]} Bg7 {[%emt 0:03:25]} 9. Nc3 {[%emt 0:03:55]} Bg4 {[%emt 0:18:59]} 10. e3 {[%emt 0:05:29]} e5 {[%emt 0:01:26]} 11. dxe5 {[%emt 0:03:54]} Nxe5 {[%emt 0:00:58]} 12. Be2 {[%emt 0:02:22]} h3 {[%emt 0:05:06]} 13. gxh3 {[%emt 0:04:35]} Bxf3 {[%emt 0:02:26]} 14. Bxf3 {[%emt 0:00:08]} c6 {[%emt 0:00:05]} 15. Be2 {[%emt 0:04:50]} Qb6 {[%emt 0:04:03]} 16. Rb1 {[%emt 0:10:33]} O-O-O {[%emt 0:04:46]} 17. Bxh5 {[%emt 0:06:49]} d4 {[%emt 0:11:52]} 18. Bg4+ {[%emt 0:00:32]} f5 {[%emt 0:01:54]} 19. Bxf5+ {[%emt 0:00:17]} Kb8 {[%emt 0:00:26]} 20. Ne4 {[%emt 0:06:17]} dxe3 {[%emt 0:04:09]} 21. Qe2 {[%emt 0:00:22]} Rhf8 {[%emt 0:05:18]} 22. Ng3 {[%emt 0:09:45]} Rd2 {[%emt 0:11:20]} 23. Qxe3 {[%emt 0:00:14]} Qxe3+ {[%emt 0:00:07]} 24. fxe3 {[%emt 0:00:05]} Nf3+ {[%emt 0:00:05]} 25. Kf1 {[%emt 0:00:03]} Nxh2+ {[%emt 0:13:30]} 26. Rxh2 {[%emt 0:00:08]} Rxh2 {[%emt 0:00:04]} 27. Kg1 {[%emt 0:00:11]} Rd2 {[%emt 0:00:03]} 28. Ne4 {[%emt 0:00:18]} Re2 {[%emt 0:01:54]} 29. Rf1 {[%emt 0:00:52]} Bh6 {[%emt 0:01:32]} 30. Ng3 {[%emt 0:02:42]} Rxe3 {[%emt 0:03:13]} 31. Kg2 {[%emt 0:00:16]} Bg7 {[%emt 0:00:42]} 32. Bd3 {[%emt 0:00:58]} Rxf1 {[%emt 0:02:10]} 33. Nxf1 {[%emt 0:00:05]} Re1 {[%emt 0:00:02]} 34. b3 {[%emt 0:00:27]} b5 {[%emt 0:00:08]} 35. Ng3 {[%emt 0:00:31]} Ra1 {[%emt 0:00:42]} 36. Nf5 {[%emt 0:00:19]} Bf6 {[%emt 0:00:05]} 37. h4 {[%emt 0:00:26]} Rxa2 {[%emt 0:00:05]} 38. h5 {[%emt 0:00:05]} a5 {[%emt 0:00:47]} 39. h6 {[%emt 0:00:08]} a4 {[%emt 0:00:47]} 40. bxa4 {[%emt 0:00:04]} bxa4 {[%emt 0:00:05]} 41. Ne3 {[%emt 0:31:21]} a3 {[%emt 0:31:18]} 42. Nc4 {[%emt 0:04:44]} 0-1

[Event "Teplice Open 2019"]
[Site "Teplice"]
[Date "2019.06.20"]
[Round "6.18"]
[White "Cernousek, Lukas"]
[Black "Rubes, Jan"]
[Result "0-1"]
[WhiteElo "2466"]
[BlackElo "2352"]
[Annotator "RC"]
[PlyCount "158"]
[EventDate "2019.06.15"]
[EventType "swiss"]
[EventCountry "CZE"]
[SourceTitle "playchess.com"]
[Source "ChessBase"]
[SourceQuality "1"]
[TimeControl "40/5400+30:1800+30"]

1. d4 {[%emt 0:00:00]} Nf6 {[%emt 0:00:00]} 2. c4 {[%emt 0:00:00]} e6 {[%emt 0:00:00]} 3. Nf3 {[%emt 0:00:18]} c5 {[%emt 0:00:00]} 4. d5 {[%emt 0:00:28]} exd5 {[%emt 0:00:00]} 5. cxd5 {[%emt 0:00:06]} d6 {[%emt 0:00:02]} 6. Nc3 {[%emt 0:00:31]} g6 {[%emt 0:00:04]} 7. Nd2 {[%emt 0:00:43]} Bg7 {[%emt 0:00:26]} 8. e4 {[%emt 0:00:08]} O-O {[%emt 0:00:11]} 9. Be2 {[%emt 0:00:36]} Na6 {[%emt 0:12:40]} 10. O-O {[%emt 0:00:10]} Nc7 {[%emt 0:00:11]} 11. a4 {[%emt 0:05:25]} b6 {[%emt 0:05:47]} 12. Re1 {[%emt 0:09:08]} Re8 {[%emt 0:15:05]} 13. h3 {[%emt 0:16:31]} Rb8 {[%emt 0:01:23]} 14. Bb5 {[%emt 0:00:48]} Rf8 {[%emt 0:06:49]} 15. Nc4 {[%emt 0:31:46]} a6 {[%emt 0:02:45]} 16. Bc6 {[%emt 0:00:01]} Nd7 {[%emt 0:36:08]} 17. Nxd6 {[%emt 0:05:47]} Ne5 {[%emt 0:00:10]} 18. Nxc8 {[%emt 0:00:06]} Rxc8 {[%emt 0:00:53]} 19. Bf4 {[%emt 0:01:52]} Nxc6 {[%emt 0:00:12]} 20. dxc6 {[%emt 0:00:02]} Bd4 {[%emt 0:02:40]} 21. Nd5 {[%emt 0:15:37]} Nxd5 {[%emt 0:00:52]} 22. exd5 {[%emt 0:00:01]} Qxd5 {[%emt 0:00:07]} 23. c7 {[%emt 0:00:06]} Qc6 {[%emt 0:01:45]} 24. Rc1 {[%emt 0:08:27]} Bxb2 {[%emt 0:00:44]} 25. Rc2 {[%emt 0:00:01]} Qxa4 {[%emt 0:02:51]} 26. Rxb2 {[%emt 0:03:17]} Qxf4 {[%emt 0:00:06]} 27. Rxb6 {[%emt 0:00:06]} Rxc7 {[%emt 0:00:17]} 28. Rxa6 {[%emt 0:00:03]} c4 {[%emt 0:00:24]} 29. Ra4 {[%emt 0:01:48]} Rfc8 {[%emt 0:00:15]} 30. Re3 {[%emt 0:00:28]} Qf6 {[%emt 0:00:21]} 31. Qc2 {[%emt 0:00:31]} c3 {[%emt 0:00:39]} 32. Ra3 {[%emt 0:00:33]} Qd4 {[%emt 0:00:13]} 33. g3 {[%emt 0:00:34]} Qb4 {[%emt 0:02:49]} 34. Ra4 {[%emt 0:00:29]} Qb2 {[%emt 0:01:14]} 35. Ra2 {[%emt 0:00:29]} Qxa2 {[%emt 0:05:40]} 36. Qxa2 {[%emt 0:00:02]} c2 {[%emt 0:00:03]} 37. Re1 {[%emt 0:00:08]} c1=Q {[%emt 0:00:05]} 38. Rxc1 {[%emt 0:00:03]} Rxc1+ {[%emt 0:00:05]} 39. Kg2 {[%emt 0:00:03]} R1c2 {[%emt 0:00:38]} 40. Qd5 {[%emt 0:02:00]} Re2 {[%emt 0:00:37]} 41. h4 {[%emt 0:21:54]} h5 {[%emt 0:03:51]} 42. g4 {[%emt 0:00:08]} hxg4 {[%emt 0:00:07]} 43. h5 {[%emt 0:00:04]} Re6 {[%emt 0:07:39]} 44. Qg5 {[%emt 0:07:06]} Kh7 {[%emt 0:12:11]} 45. hxg6+ {[%emt 0:02:15]} Rxg6 {[%emt 0:00:16]} 46. Qf5 {[%emt 0:00:26]} Rf8 {[%emt 0:00:23]} 47. Kg3 {[%emt 0:00:15]} Kg8 {[%emt 0:00:14]} 48. Qd7 {[%emt 0:00:21]} Rb8 {[%emt 0:01:24]} 49. Qd5 {[%emt 0:00:19]} Rbb6 {[%emt 0:01:53]} 50. Qd8+ {[%emt 0:00:37]} Kh7 {[%emt 0:00:38]} 51. Qe7 {[%emt 0:01:03]} Rb3+ {[%emt 0:01:39]} 52. Kg2 {[%emt 0:00:04]} Rf3 {[%emt 0:00:05]} 53. Qh4+ {[%emt 0:00:54]} Kg7 {[%emt 0:00:06]} 54. Qh5 {[%emt 0:00:22]} Kg8 {[%emt 0:02:52]} 55. Qh4 {[%emt 0:00:09]} Rf5 {[%emt 0:00:39]} 56. Kh1 {[%emt 0:01:25]} Kg7 {[%emt 0:00:42]} 57. Kg1 {[%emt 0:00:22]} Rgf6 {[%emt 0:00:34]} 58. Qg3 {[%emt 0:01:29]} Rxf2 {[%emt 0:01:34]} 59. Qe5 {[%emt 0:00:09]} R2f5 {[%emt 0:00:18]} 60. Qd4 {[%emt 0:00:10]} Rg5 {[%emt 0:00:22]} 61. Kg2 {[%emt 0:00:08]} g3 {[%emt 0:00:56]} 62. Qc3 {[%emt 0:00:10]} Rgg6 {[%emt 0:00:17]} 63. Qe5 {[%emt 0:00:06]} Kg8 {[%emt 0:00:18]} 64. Qe8+ {[%emt 0:00:23]} Kh7 {[%emt 0:00:06]} 65. Qe4 {[%emt 0:00:16]} Rf2+ {[%emt 0:00:15]} 66. Kg1 {[%emt 0:00:03]} Rff6 {[%emt 0:02:31]} 67. Kg2 {[%emt 0:00:02]} Re6 {[%emt 0:00:22]} 68. Qd3 {[%emt 0:00:22]} Kh6 {[%emt 0:02:03]} 69. Qd2+ {[%emt 0:02:45]} Rg5 {[%emt 0:00:09]} 70. Qd8 {[%emt 0:00:25]} Re2+ {[%emt 0:01:50]} 71. Kg1 {[%emt 0:01:22]} g2 {[%emt 0:02:35]} 72. Qf6+ {[%emt 0:00:05]} Rg6 {[%emt 0:00:11]} 73. Qh4+ {[%emt 0:00:50]} Kg7 {[%emt 0:00:07]} 74. Qd4+ {[%emt 0:00:02]} Kg8 {[%emt 0:00:39]} 75. Qd8+ {[%emt 0:00:08]} Kh7 {[%emt 0:00:07]} 76. Qa5 {[%emt 0:00:53]} Ree6 {[%emt 0:00:21]} 77. Qh5+ {[%emt 0:00:34]} Kg7 {[%emt 0:00:11]} 78. Qh4 {[%emt 0:00:48]} Ref6 {[%emt 0:00:07]} 79. Qd4 {[%emt 0:00:06]} Kg8 {[%emt 0:00:05]} 0-1

[Event "Teplice Open 2019"]
[Site "Teplice"]
[Date "2019.06.20"]
[Round "6.19"]
[White "Haldorsen, Benjamin"]
[Black "Sylvan, Jacob"]
[Result "0-1"]
[WhiteElo "2454"]
[BlackElo "2312"]
[Annotator "TA"]
[PlyCount "128"]
[EventDate "2019.06.15"]
[EventType "swiss"]
[EventCountry "CZE"]
[SourceTitle "playchess.com"]
[Source "ChessBase"]
[SourceQuality "1"]

{[%evp 16,128,25,19,23,16,28,17,19,24,70,35,24,31,29,40,27,16,18,0,0,0,0,0,11,0,0,0,0,0,0,0,0,0,0,0,0,0,0,-8,0,0,0,0,0,0,0,0,0,0,0,0,0,0,0,-12,-11,-5,-9,-7,0,-15,-5,-3,0,-26,-10,-7,0,0,0,0,0,0,0,-56,-56,-56,-58,-725,-710,-673,-726,-720,-720,-720,-714,-643,-695,-731,-649,-634,-623,-658,-645,-636,-606,-787,-787,-785,-764,-729,-469,-918,-847,-29979,-29979,-29981,-29981,-29983,-29983,-29986,-29987,-29992,-29993]} 1. e4 c5 2. Nf3 e6 3. d4 cxd4 4. Nxd4 Nc6 5. Nc3 Qc7 6. Be3 a6 7. a3 b5 8. Nxc6 Qxc6 9. Be2 Bb7 {B49: Sicilian: Taimanov: 5 Nc3 Qc7 6 Be3 a6 7 Be2} 10. O-O Qc7 11. Qd3 Nf6 {The position is equal.} 12. Rfd1 $146 ({Predecessor:} 12. Rad1 b4 13. axb4 Bxb4 14. Bd4 e5 15. Qg3 d6 16. Be3 O-O 17. Bh6 {1-0 (38) Motylev,A (2675)-Stella,A (2505) Sitges 2017}) 12... d5 13. Bf3 {[%cal Re4d5]} (13. exd5 {looks sharper.} Rd8 14. Bd4 Nxd5 15. Nxd5 Rxd5 16. Bf3) 13... dxe4 14. Nxe4 Nxe4 15. Bxe4 {Hoping for Bf4.} Be7 {Threatening ...Rd8.} 16. Bxb7 Qxb7 17. Bd4 O-O 18. Qg3 {[%csl Gd4][%cal Rg3g7] [#]} f6 19. Qb3 Qc6 20. Re1 Kf7 21. Re3 {Rae1 is the strong threat.} Rfe8 22. Rae1 {[%cal Re3e6]} Bf8 23. g3 Rad8 24. Rc3 Qd5 25. Qxd5 Rxd5 26. Bb6 e5 27. Kg2 Re6 28. Be3 Red6 29. Kf3 Rd7 30. g4 b4 31. Rc4 bxa3 32. bxa3 Bxa3 33. Ra1 Bb2 34. Rxa6 Bd4 35. Bc1 Kg6 36. c3 Ba7 37. Ke2 Rb5 38. Ra2 Rb1 39. Rc2 h5 40. h3 hxg4 41. hxg4 Bb6 42. Rc8 Ra7 43. Rc6 Ra4 44. c4 Bd4 45. Rd6 (45. c5 $11) 45... Raa1 $15 46. Bd2 Rf1 47. f4 $2 {[%mdl 8192] [#]} (47. Rxd4 $15 exd4 48. c5) 47... Rf2+ $19 48. Kd3 Ra3+ 49. Ke4 Re2+ 50. Kd5 Rd3 51. f5+ Kh7 52. Ke6 Rdxd2 53. Rc1 Rc2 54. Rb1 Kh6 55. Rd7 Rh2 56. Rbb7 Kg5 57. Rxg7+ Kf4 58. g5 Rxc4 59. gxf6 (59. g6 $142 Rc6+ 60. Kf7) 59... Rc6+ 60. Ke7 e4 {Black mates.} 61. Rg6 Kxf5 62. Rg8 Rxf6 63. Rb5+ Be5 64. Rg1 Rh7+ 0-1

[Event "Teplice Open 2019"]
[Site "Teplice"]
[Date "2019.06.20"]
[Round "6.20"]
[White "Gungl, Theo"]
[Black "Song, Raymond"]
[Result "1/2-1/2"]
[WhiteElo "2313"]
[BlackElo "2450"]
[Annotator "ChessBase"]
[PlyCount "86"]
[EventDate "2019.06.15"]
[EventType "swiss"]
[EventCountry "CZE"]
[SourceTitle "playchess.com"]
[Source "ChessBase"]
[SourceQuality "1"]
[TimeControl "40/5400+30:1800+30"]

1. d4 {[%emt 0:00:00]} f5 {[%emt 0:00:00]} 2. c4 {[%emt 0:00:00]} Nf6 {[%emt 0:00:00]} 3. g3 {[%emt 0:00:38]} g6 {[%emt 0:00:00]} 4. Bg2 {[%emt 0:00:09]} Bg7 {[%emt 0:00:00]} 5. Nf3 {[%emt 0:00:26]} O-O {[%emt 0:00:00]} 6. Nc3 {[%emt 0:00:41]} d6 {[%emt 0:00:00]} 7. O-O {[%emt 0:01:07]} Qe8 {[%emt 0:00:03]} 8. d5 {[%emt 0:03:30]} Na6 {[%emt 0:00:06]} 9. Nd4 {[%emt 0:05:02]} Nc5 {[%emt 0:01:24]} 10. e3 {[%emt 0:13:30]} a5 {[%emt 0:00:24]} 11. Qc2 {[%emt 0:06:18]} Bd7 {[%emt 0:04:47]} 12. Bd2 {[%emt 0:06:06]} c6 {[%emt 0:02:05]} 13. Nb3 {[%emt 0:06:20]} Nxb3 {[%emt 0:06:13]} 14. Qxb3 {[%emt 0:01:32]} c5 {[%emt 0:09:06]} 15. a4 {[%emt 0:03:40]} g5 {[%emt 0:04:58]} 16. Qd1 {[%emt 0:05:54]} Qg6 {[%emt 0:01:49]} 17. f4 {[%emt 0:12:15]} h5 {[%emt 0:02:42]} 18. fxg5 {[%emt 0:08:22]} Qxg5 {[%emt 0:00:34]} 19. Qe1 {[%emt 0:00:42]} Ng4 {[%emt 0:01:16]} 20. Nd1 {[%emt 0:03:48]} Ne5 {[%emt 0:03:34]} 21. Qe2 {[%emt 0:00:51]} h4 {[%emt 0:02:12]} 22. Be1 {[%emt 0:01:56]} hxg3 {[%emt 0:04:24]} 23. Bxg3 {[%emt 0:00:02]} Qg4 {[%emt 0:00:23]} 24. Qxg4 {[%emt 0:02:20]} fxg4 {[%emt 0:00:02]} 25. Bxe5 {[%emt 0:01:41]} Bxe5 {[%emt 0:00:02]} 26. Ra2 {[%emt 0:01:17]} Kg7 {[%emt 0:01:16]} 27. Rxf8 {[%emt 0:01:19]} Rxf8 {[%emt 0:00:08]} 28. b3 {[%emt 0:00:04]} Bf5 {[%emt 0:01:55]} 29. Bf1 {[%emt 0:03:01]} Rh8 {[%emt 0:03:23]} 30. Rg2 {[%emt 0:04:23]} g3 {[%emt 0:01:00]} 31. hxg3 {[%emt 0:00:45]} Be4 {[%emt 0:00:05]} 32. Nf2 {[%emt 0:01:41]} Bxg2 {[%emt 0:07:17]} 33. Kxg2 {[%emt 0:00:01]} Bb2 {[%emt 0:02:10]} 34. Bd3 {[%emt 0:02:04]} Kf6 {[%emt 0:00:44]} 35. Kf3 {[%emt 0:01:12]} Bc1 {[%emt 0:00:02]} 36. g4 {[%emt 0:01:42]} Kg5 {[%emt 0:00:59]} 37. Bf5 {[%emt 0:00:24]} Kf6 {[%emt 0:02:53]} 38. Ne4+ {[%emt 0:01:26]} Ke5 {[%emt 0:01:18]} 39. Nf2 {[%emt 0:00:09]} Bd2 {[%emt 0:00:14]} 40. Be6 {[%emt 0:02:10]} Rf8+ {[%emt 0:13:00]} 41. Ke2 {[%emt 0:31:15]} Rxf2+ {[%emt 0:30:22]} 42. Kxf2 {[%emt 0:00:07]} Kf6 {[%emt 0:00:03]} 43. Ke2 {[%emt 0:00:17]} Ke5 {[%emt 0:00:12]} 1/2-1/2

[Event "Teplice Open 2019"]
[Site "Teplice"]
[Date "2019.06.20"]
[Round "6.21"]
[White "Ankit, R. Rajpara"]
[Black "Karas, Marek"]
[Result "1-0"]
[WhiteElo "2447"]
[BlackElo "2268"]
[Annotator "NA"]
[PlyCount "135"]
[EventDate "2019.06.15"]
[EventType "swiss"]
[EventCountry "CZE"]
[SourceTitle "playchess.com"]
[Source "ChessBase"]
[SourceQuality "1"]
[TimeControl "40/5400+30:1800+30"]

1. d4 {[%emt 0:00:26]} Nf6 {[%emt 0:00:00]} 2. c4 {[%emt 0:00:06]} e6 {[%emt 0:00:00]} 3. g3 {[%emt 0:00:06]} d5 {[%emt 0:00:00]} 4. Nf3 {[%emt 0:00:08]} dxc4 {[%emt 0:00:04]} 5. Bg2 {[%emt 0:00:13]} Bb4+ {[%emt 0:00:08]} 6. Bd2 {[%emt 0:00:20]} a5 {[%emt 0:00:08]} 7. Qc2 {[%emt 0:00:24]} Bxd2+ {[%emt 0:00:15]} 8. Qxd2 {[%emt 0:00:21]} b5 {[%emt 0:01:17]} 9. Qg5 {[%emt 0:01:40]} c6 {[%emt 0:10:33]} 10. Qxg7 {[%emt 0:00:37]} Rg8 {[%emt 0:00:09]} 11. Qh6 {[%emt 0:00:07]} Bb7 {[%emt 0:00:52]} 12. O-O {[%emt 0:02:29]} Rg6 {[%emt 0:03:36]} 13. Qd2 {[%emt 0:05:47]} Nbd7 {[%emt 0:00:34]} 14. b3 {[%emt 0:04:18]} cxb3 {[%emt 0:04:19]} 15. axb3 {[%emt 0:00:09]} Nd5 {[%emt 0:05:12]} 16. Nc3 {[%emt 0:02:14]} b4 {[%emt 0:05:56]} 17. Ne4 {[%emt 0:05:08]} Ba6 {[%emt 0:06:17]} 18. Rfc1 {[%emt 0:06:53]} Bb5 {[%emt 0:01:44]} 19. Nd6+ {[%emt 0:16:18]} Kf8 {[%emt 0:01:04]} 20. Nh4 {[%emt 0:07:22]} Rg7 {[%emt 0:04:16]} 21. Bxd5 {[%emt 0:12:11]} exd5 {[%emt 0:02:03]} 22. Qh6 {[%emt 0:10:34]} Qf6 {[%emt 0:04:09]} 23. Qxf6 {[%emt 0:01:14]} Nxf6 {[%emt 0:00:09]} 24. Nxb5 {[%emt 0:00:35]} cxb5 {[%emt 0:00:09]} 25. Rc5 {[%emt 0:00:10]} Ne4 {[%emt 0:01:37]} 26. Rxb5 {[%emt 0:00:14]} Nc3 {[%emt 0:00:24]} 27. Rxb4 {[%emt 0:06:15]} Nxe2+ {[%emt 0:00:29]} 28. Kf1 {[%emt 0:00:27]} Nc3 {[%emt 0:00:13]} 29. Nf5 {[%emt 0:01:04]} Rg5 {[%emt 0:01:43]} 30. Rxa5 {[%emt 0:00:13]} Rc8 {[%emt 0:01:21]} 31. Rc5 {[%emt 0:03:11]} Rd8 {[%emt 0:00:53]} 32. Rxc3 {[%emt 0:02:26]} Rxf5 {[%emt 0:00:08]} 33. Kg2 {[%emt 0:00:32]} Rd7 {[%emt 0:00:20]} 34. Rb8+ {[%emt 0:00:40]} Kg7 {[%emt 0:00:09]} 35. b4 {[%emt 0:01:36]} Re7 {[%emt 0:00:17]} 36. Re3 {[%emt 0:01:31]} Rc7 {[%emt 0:00:25]} 37. Rd8 {[%emt 0:02:44]} Rc4 {[%emt 0:00:41]} 38. Re5 {[%emt 0:00:29]} Rf6 {[%emt 0:00:11]} 39. Rdxd5 {[%emt 0:00:30]} Rxb4 {[%emt 0:00:09]} 40. Re3 {[%emt 0:00:50]} Kg6 {[%emt 0:01:05]} 41. Rf3 {[%emt 0:31:35]} Ra6 {[%emt 0:30:54]} 42. Rd7 {[%emt 0:00:24]} f6 {[%emt 0:00:13]} 43. Rf4 {[%emt 0:00:41]} h5 {[%emt 0:00:29]} 44. Rd5 {[%emt 0:00:30]} Rb2 {[%emt 0:00:32]} 45. Kh3 {[%emt 0:00:56]} Rb1 {[%emt 0:00:39]} 46. Kg2 {[%emt 0:00:00]} Rb2 {[%emt 0:00:00]} 47. Rff5 {[%emt 0:00:00]} Raa2 {[%emt 0:00:00]} 48. h3 {[%emt 0:00:00]} Rd2 {[%emt 0:00:00]} 49. Rf4 {[%emt 0:00:00]} Ra6 {[%emt 0:00:00]} 50. g4 {[%emt 0:00:00]} hxg4 {[%emt 0:00:00]} 51. hxg4 {[%emt 0:00:00]} Rd3 {[%emt 0:00:00]} 52. Rf3 {[%emt 0:00:00]} Rd1 {[%emt 0:00:00]} 53. Rff5 {[%emt 0:00:00]} Rd3 {[%emt 0:00:00]} 54. f3 {[%emt 0:00:00]} Rd2+ {[%emt 0:00:00]} 55. Kg3 {[%emt 0:00:00]} Rd1 {[%emt 0:00:00]} 56. Rd7 {[%emt 0:00:00]} Rg1+ {[%emt 0:00:00]} 57. Kf4 {[%emt 0:00:00]} Rd1 {[%emt 0:00:00]} 58. g5 {[%emt 0:00:00]} fxg5+ {[%emt 0:00:00]} 59. Rxg5+ {[%emt 0:00:00]} Kf6 {[%emt 0:00:00]} 60. Rh5 {[%emt 0:01:30]} Kg6 {[%emt 0:00:00]} 61. Rhd5 {[%emt 0:00:28]} Kf6 {[%emt 0:00:00]} 62. R7d6+ {[%emt 0:01:16]} Rxd6 {[%emt 0:00:00]} 63. Rxd6+ {[%emt 0:00:02]} Ke7 {[%emt 0:00:00]} 64. Ke5 {[%emt 0:01:53]} Re1+ {[%emt 0:00:00]} 65. Kd5 {[%emt 0:00:07]} Rf1 {[%emt 0:00:00]} 66. Re6+ {[%emt 0:00:04]} Kd7 {[%emt 0:00:00]} 67. Re3 {[%emt 0:00:06]} Rf2 {[%emt 0:00:00]} 68. Ke4 {[%emt 0:00:55]} 1-0

[Event "Teplice Open 2019"]
[Site "Teplice"]
[Date "2019.06.20"]
[Round "6.22"]
[White "Worek, Joanna"]
[Black "Erenberg, Ariel"]
[Result "*"]
[WhiteElo "2311"]
[BlackElo "2434"]
[Annotator "NA RC"]
[PlyCount "74"]
[EventDate "2019.06.15"]
[EventType "swiss"]
[EventCountry "CZE"]
[SourceTitle "playchess.com"]
[Source "ChessBase"]
[SourceQuality "1"]
[TimeControl "40/5400+30:1800+30"]

1. e4 {[%emt 0:03:14]} e5 {[%emt 0:00:00]} 2. Nf3 {[%emt 0:00:05]} Nc6 {[%emt 0:00:00]} 3. Bc4 {[%emt 0:00:04]} Bc5 {[%emt 0:00:07]} 4. O-O {[%emt 0:00:37]} Nf6 {[%emt 0:00:58]} 5. d3 {[%emt 0:00:05]} d6 {[%emt 0:02:58]} 6. a4 {[%emt 0:00:07]} a5 {[%emt 0:02:32]} 7. c3 {[%emt 0:01:23]} h6 {[%emt 0:03:59]} 8. Re1 {[%emt 0:03:55]} O-O {[%emt 0:01:41]} 9. Nbd2 {[%emt 0:04:13]} Be6 {[%emt 0:04:06]} 10. Bxe6 {[%emt 0:04:24]} fxe6 {[%emt 0:00:01]} 11. Nf1 {[%emt 0:00:09]} Qe8 {[%emt 0:10:01]} 12. Be3 {[%emt 0:02:48]} Bxe3 {[%emt 0:01:34]} 13. Rxe3 {[%emt 0:02:05]} Qf7 {[%emt 0:04:33]} 14. d4 {[%emt 0:08:05]} exd4 {[%emt 0:04:43]} 15. cxd4 {[%emt 0:00:11]} Rad8 {[%emt 0:12:02]} 16. Qe2 {[%emt 0:12:56]} Nb4 17. h3 {[%emt 0:12:06]} Nh5 {[%emt 0:12:45]} 18. Rc1 {[%emt 0:01:51]} Nf4 {[%emt 0:06:37]} 19. Qd2 {[%emt 0:05:02]} Qg6 {[%emt 0:01:39]} 20. Ng3 {[%emt 0:12:10]} Rd7 21. Ne1 {[%emt 0:14:33]} Rdf7 {[%emt 0:00:00]} 22. Nh1 {[%emt 0:02:14]} h5 {[%emt 0:05:24]} 23. Kh2 {[%emt 0:03:34]} h4 {[%emt 0:02:16]} 24. f3 {[%emt 0:00:00]} Qg5 25. Rcc3 {[%emt 0:02:55]} Nc6 {[%emt 0:05:58]} 26. Rb3 {[%emt 0:00:00]} Nb4 27. Rbc3 {[%emt 0:00:00]} d5 {[%emt 0:04:53]} 28. Nc2 {[%emt 0:00:00]} Nxc2 {[%emt 0:00:07]} 29. Qxc2 {[%emt 0:02:13]} e5 30. Re1 exd4 {[%emt 0:00:38]} 31. Rc5 {[%emt 0:00:52]} b6 {[%emt 0:01:17]} 32. Rb5 {[%emt 0:00:28]} Qe5 {[%emt 0:03:31]} 33. Kg1 {[%emt 0:00:10]} c6 {[%emt 0:01:45]} 34. Rxb6 {[%emt 0:01:45]} d3 {[%emt 0:00:11]} 35. Qf2 {[%emt 0:00:42]} Ne2+ {[%emt 0:02:06]} 36. Rxe2 {[%emt 0:00:52]} dxe2 {[%emt 0:00:00]} 37. Qxe2 {[%emt 0:00:42]} dxe4 {[%emt 0:00:07]} *

[Event "Teplice Open 2019"]
[Site "Teplice"]
[Date "2019.06.20"]
[Round "6.23"]
[White "Kett, Tim"]
[Black "Cawdery, Daniel"]
[Result "1/2-1/2"]
[WhiteElo "2197"]
[BlackElo "2428"]
[Annotator "NA"]
[PlyCount "60"]
[EventDate "2019.06.15"]
[EventType "swiss"]
[EventCountry "CZE"]
[SourceTitle "playchess.com"]
[Source "ChessBase"]
[SourceQuality "1"]
[TimeControl "40/5400+30:1800+30"]

1. d4 {[%emt 0:00:00]} Nf6 {[%emt 0:00:00]} 2. Nc3 {[%emt 0:00:00]} d5 {[%emt 0:00:36]} 3. Bf4 {[%emt 0:00:00]} g6 {[%emt 0:01:04]} 4. e3 {[%emt 0:00:13]} Bg7 {[%emt 0:00:19]} 5. h4 {[%emt 0:00:34]} c5 {[%emt 0:02:38]} 6. Nb5 {[%emt 0:00:23]} Na6 {[%emt 0:02:08]} 7. c3 {[%emt 0:00:42]} Qb6 {[%emt 0:14:35]} 8. a4 {[%emt 0:08:07]} c4 {[%emt 0:03:22]} 9. Nf3 {[%emt 0:03:50]} O-O {[%emt 0:14:14]} 10. b3 {[%emt 0:05:53]} cxb3 {[%emt 0:06:42]} 11. Qxb3 {[%emt 0:00:12]} Qa5 {[%emt 0:01:36]} 12. h5 {[%emt 0:07:52]} Bd7 {[%emt 0:05:12]} 13. hxg6 {[%emt 0:00:26]} hxg6 {[%emt 0:02:44]} 14. Ne5 {[%emt 0:11:17]} Bxb5 {[%emt 0:02:59]} 15. Bxb5 {[%emt 0:00:12]} Rac8 {[%emt 0:01:49]} 16. Rc1 {[%emt 0:03:11]} Nc7 {[%emt 0:02:25]} 17. O-O {[%emt 0:02:19]} Ne6 {[%emt 0:00:29]} 18. Bh2 {[%emt 0:03:30]} Nc7 {[%emt 0:01:05]} 19. Bd3 {[%emt 0:00:23]} Ne6 {[%emt 0:01:04]} 20. Qb4 {[%emt 0:01:34]} Qxb4 {[%emt 0:00:50]} 21. cxb4 {[%emt 0:01:04]} Rfd8 {[%emt 0:00:40]} 22. Rfd1 {[%emt 0:00:23]} Ne8 {[%emt 0:01:05]} 23. Kf1 {[%emt 0:00:38]} Nd6 {[%emt 0:00:40]} 24. Ke2 {[%emt 0:00:32]} Rxc1 {[%emt 0:00:24]} 25. Rxc1 {[%emt 0:00:07]} Rc8 {[%emt 0:00:08]} 26. Rxc8+ {[%emt 0:00:16]} Nxc8 {[%emt 0:00:01]} 27. Nd7 {[%emt 0:01:02]} Nd8 {[%emt 0:00:43]} 28. Kd2 {[%emt 0:01:09]} e6 {[%emt 0:02:31]} 29. Be5 {[%emt 0:00:47]} Bxe5 {[%emt 0:00:58]} 30. Nxe5 {[%emt 0:00:06]} Nd6 {[%emt 0:00:09]} 1/2-1/2

[Event "Teplice Open 2019"]
[Site "Teplice"]
[Date "2019.06.20"]
[Round "6.24"]
[White "Mazur, Stefan"]
[Black "Thorsbro, Peter"]
[Result "1-0"]
[WhiteElo "2426"]
[BlackElo "2142"]
[Annotator "NA"]
[PlyCount "53"]
[EventDate "2019.06.15"]
[EventType "swiss"]
[EventCountry "CZE"]
[SourceTitle "playchess.com"]
[Source "ChessBase"]
[SourceQuality "1"]
[TimeControl "40/5400+30:1800+30"]

1. e4 {[%emt 1:03:34]} e5 {[%emt 0:00:07]} 2. Nf3 {[%emt 0:01:15]} Nc6 {[%emt 0:00:03]} 3. Nc3 {[%emt 0:02:56]} Bc5 {[%emt 0:04:46]} 4. Nxe5 {[%emt 0:02:09]} Bxf2+ {[%emt 0:06:14]} 5. Kxf2 {[%emt 0:00:19]} Nxe5 {[%emt 0:00:03]} 6. d4 {[%emt 0:00:41]} Nc6 {[%emt 0:01:01]} 7. Be3 {[%emt 0:05:24]} d6 {[%emt 0:06:35]} 8. Be2 {[%emt 0:03:14]} Nge7 {[%emt 0:10:32]} 9. Rf1 {[%emt 0:02:20]} O-O {[%emt 0:01:39]} 10. Kg1 {[%emt 0:00:14]} f5 {[%emt 0:02:00]} 11. Bc4+ {[%emt 0:24:05]} Kh8 {[%emt 0:00:05]} 12. Bg5 {[%emt 0:01:17]} fxe4 {[%emt 0:14:31]} 13. Qh5 {[%emt 0:00:58]} Bf5 {[%emt 0:01:24]} 14. Nd5 {[%emt 0:06:04]} Bg6 {[%emt 0:11:34]} 15. Qh4 {[%emt 0:01:02]} Re8 {[%emt 0:00:53]} 16. Bb5 {[%emt 0:03:44]} Nxd5 {[%emt 0:03:25]} 17. Bxd8 {[%emt 0:00:14]} Raxd8 {[%emt 0:00:03]} 18. Rae1 {[%emt 0:00:51]} Nf6 {[%emt 0:00:55]} 19. Rxf6 {[%emt 0:08:24]} gxf6 {[%emt 0:00:03]} 20. d5 {[%emt 0:00:09]} a6 {[%emt 0:02:47]} 21. dxc6 {[%emt 0:00:13]} axb5 {[%emt 0:00:03]} 22. Qxf6+ {[%emt 0:00:10]} Kg8 {[%emt 0:00:02]} 23. cxb7 {[%emt 0:00:10]} Rb8 {[%emt 0:01:30]} 24. h4 {[%emt 0:00:56]} Rxb7 {[%emt 0:01:45]} 25. h5 {[%emt 0:00:09]} Bxh5 {[%emt 0:00:42]} 26. Qg5+ {[%emt 0:00:07]} Kh8 {[%emt 0:01:17]} 27. Qxh5 {[%emt 0:00:18]} 1-0